Strojníctvo. IV, pre 4. ročník SPŠ /
Uloženo v:
| Hlavní autoři: | , |
|---|---|
| Médium: | Kniha |
| Jazyk: | slovenština |
| Vydáno: |
Bratislava :
EXPOL PEDAGOGIKA,
2006
|
| Vydání: | 1. vyd. |
| Témata: | |
| ISBN: | 8080910022 |
| On-line přístup: |
|
| Tagy: |
Přidat tag
Žádné tagy, Buďte první, kdo vytvoří štítek k tomuto záznamu!
|
MARC
| LEADER | 00000nam a2200000 4500 | ||
|---|---|---|---|
| 003 | SK-BrCVT | ||
| 005 | 20220621162315.0 | ||
| 008 | 070419s2006 xo e ||||||slo d | ||
| 020 | |a 8080910022 | ||
| 035 | |a CVTIDW1400429 | ||
| 040 | |b slo |a CVTI SR |e AACR2 | ||
| 041 | 0 | |a slo | |
| 044 | |a xo | ||
| 080 | |a 621 |2 UDC-MRF | ||
| 080 | |a 62 |2 UDC-MRF | ||
| 100 | 1 | |a Michalíková, Katarína | |
| 245 | 1 | 0 | |a Strojníctvo. |n IV, |p pre 4. ročník SPŠ / |c Katarína Michalíková, Oldrich Michalík |
| 250 | |a 1. vyd. | ||
| 260 | |a Bratislava : |b EXPOL PEDAGOGIKA, |c 2006 | ||
| 300 | |a 151 s. : |b fotogr., grafy, lit., obr., tab. ; | ||
| 653 | 1 | |a náuka o materiáloch |a povrchová úprava |a tvárnenie kovov |a výrobné zariadenie |a pracovný stroj | |
| 700 | 1 | |a Michalík, Oldrich |4 aut | |
| 910 | |b A601480 | ||
| 919 | |a 80-8091-002-2 | ||
| 974 | |f Knihy | ||
| 992 | |a AUS | ||
| 999 | |c 149460 |d 149460 | ||

